Cucu kesayangan atuk (Record no. 49043)

MARC details
000 -LEADER
fixed length control field 00721nam a2200265 i 4500
001 - CONTROL NUMBER
control field C2-0165034
003 - CONTROL NUMBER IDENTIFIER
control field PPAK
005 - DATE AND TIME OF LATEST TRANSACTION
control field 20180727133234.0
008 - FIXED-LENGTH DATA ELEMENTS--GENERAL INFORMATION
fixed length control field 980609s1997 my a|||| ||||| | may d
020 ## - INTERNATIONAL STANDARD BOOK NUMBER
International Standard Book Number 9838322571
040 ## - CATALOGING SOURCE
Original cataloging agency PPAK
Language of cataloging eng
Transcribing agency PPAK
Description conventions rda
082 04 - DEWEY DECIMAL CLASSIFICATION NUMBER
Classification number 899.233
Edition number 23
090 00 - LOCALLY ASSIGNED LC-TYPE CALL NUMBER (OCLC); LOCAL CALL NUMBER (RLIN)
Classification number (OCLC) (R) ; Classification number, CALL (RLIN) (NR) 899.233
Feature heading MJA
Feature heading K
100 0# - MAIN ENTRY--PERSONAL NAME
Personal name M. Jasni,
Relator term author
245 10 - TITLE STATEMENT
Title Cucu kesayangan atuk
264 #1 - PRODUCTION, PUBLICATION, DISTRIBUTION, MANUFACTURE, AND COPYRIGHT NOTICE
Place of production, publication, distribution, manufacture Kuala Lumpur :
Name of producer, publisher, distributor, manufacturer Pustaka Printis ,
Date of production, publication, distribution, manufacture, or copyright notice 1997
300 ## - PHYSICAL DESCRIPTION
Extent 79 pages :
Other physical details illustrations ;
Dimensions 19 cm
336 ## - CONTENT TYPE
Source rdacontent
Content type term text
337 ## - MEDIA TYPE
Source rdamedia
Media type term unmediated
338 ## - CARRIER TYPE
Source rdacarrier
Carrier type term volume
490 1# - SERIES STATEMENT
Series statement Siri novel remaja
650 10 - SUBJECT ADDED ENTRY--TOPICAL TERM
Topical term or geographic name entry element Children's stories, Malay
830 #0 - SERIES ADDED ENTRY--UNIFORM TITLE
Uniform title Siri novel remaja
942 ## - ADDED ENTRY ELEMENTS (KOHA)
-- dc
Koha item type Book
Holdings
Withdrawn Not for loan Current library Shelving location Date acquired Full call number Barcode Date last seen Koha item type
    Perpustakaan Awam Sungai Petani Pinjaman Kanak-kanak 09/06/1998 K 899.233 MJA A00139288 08/05/2018 Book
    Perpustakaan Awam Sungai Petani Pinjaman Kanak-kanak 09/06/1998 K 899.233 MJA A00139289 08/05/2018 Book
    Perpustakaan Jitra Pinjaman Kanak-kanak 09/06/1998 K 899.233 MJA A00139290 08/05/2018 Book
    Perpustakaan Kulim Pinjaman Kanak-kanak 09/06/1998 K 899.233 MJA A00139292 08/05/2018 Book
    Perpustakaan Langkawi Pinjaman Kanak-kanak 09/06/1998 K 899.233 MJA A00139291 08/05/2018 Book
    Perpustakaan Yan Pinjaman Kanak-kanak 09/06/1998 K 899.233 MJA A00139293 08/05/2018 Book
    Bergerak 1, Alor Setar Pinjaman Kanak-kanak 09/06/1998 K 899.233 MJA A00139294 08/05/2018 Book
    Bergerak 3, Baling Pinjaman Kanak-kanak 09/06/1998 K 899.233 MJA A00139296 08/05/2018 Book
    Bergerak 4, Sungai Petani Pinjaman Kanak-kanak 09/06/1998 K 899.233 MJA A00139297 08/05/2018 Book
    Bergerak 5, Kulim Pinjaman Kanak-kanak 09/06/1998 K 899.233 MJA A00139300 08/05/2018 Book
    Bergerak 5, Kulim Pinjaman Kanak-kanak 09/06/1998 K 899.233 MJA A00139298 08/05/2018 Book
    PD20, Felda Lubuk Merbau, Pendang Pinjaman Kanak-kanak 19/10/1999 K 899.233 MJA A00297613 08/05/2018 Book
    PD21, Kg. Tengah, Jerlun Pinjaman Kanak-kanak 19/10/1999 K 899.233 MJA A00297614 08/05/2018 Book